Statistics for Super Smash Bros. Fighters #06 - The Kirby Quiz

Click here to take the quiz!

General Stats

  • This quiz has been taken 397 times
    (303 since last reset)
  • The average score is 10 of 15

Answer Stats

QuestionAnswer% Correct
What year did that game release in?1992
90%
What game did Kirby first appear in?Kirby's Dreamland
89%
And what console did it release for?Gameboy
88%
A misunderstanding led Kirby to be what colour
on the box of the American Kirby’s Dreamland?
Gray
83%
Kirby can swallow his enemies and take those powers for himself.
What is this ability called?
{Copy} Ability
80%
Who is both Kirby and Super Smash Bros’s creator?Masahiro Sakurai
79%
What planet does Kirby live on?Planet Popstar
74%
What phrase does Kirby often say?Poyo
72%
What is the name of Kirby’s signature ability
that allows him to swallow his enemies and fly?
Inhale
58%
Kirby is pink. What Nintendo employee wanted to make him yellow?Shigeru Miyamoto
56%
What cleaning appliance was Kirby also supposedly named after?Vacuum
56%
What is Kirby's favourite food?Tomato
49%
What lawyer was Kirby supposedly named in honour of,
after he defended Nintendo from Universal?
{John} Kirby
43%
What is the name of the yellow player 2 Kirby in Kirby’s Dream Course?Keeby
36%
What was Kirby’s original name during development?Popopo
27%

Score Distribution

Percentile by Number Answered

Percent of People with Each Score

Your Score History

You have not taken this quiz since the last reset